00000000nam##2200000za#4500
0019.625306
003CaOODSP
00520200327182814
007ta
008150406|1999||||xxc|||||     f|0| 0 fre|d
020 |a0-662-84670-2
040 |aCaOODSP|bfre
043 |an-cn---
0861 |aM22-132/12-1999F
1101 |aCanada.|bRessources naturelles Canada. |bSecrétariat du changement climatique.
24510|aSciences, impacts et adaptation / |cPréparé par le Groupe de la science, des impacts et de l'adaptation.
260 |aOttawa - Ontario : |bRessources naturelles Canada. |c1999.
300 |aviii, 70p. : |btableaux ; |c28 cm.
4901 |aRapport sur les options
563 |aReliure à anneaux
590 |a00-21|b2000-05-26
69107|aEffet de serre|2gcpds
69107|aClimat|2gcpds
69107|aLutte contre la pollution|2gcpds
69107|aSciences de l'environnement|2gcpds
7760#|tRapport sur les options, sciences, impacts et adaptation |w(CaOODSP)9.603238
830#0|aRapport sur les options.|w(CaOODSP)9.513116